000 01097 a2200229 4500
008 150316b xxu||||| |||| 00| 0 eng d
024 _a 9780071326216 (pbk.)
050 _aHD38.5
_b.S87 2013
245 _aSupply chain logistics management
_cDonald J. Bowersox ... [et al.]
250 _a4th ed
260 _c2013 :
_bMcGraw-Hill,
_aNew York
300 _a xii, 484 p. :
_bill. ;
_c26 cm
440 _aMcGraw-Hill International editions
500 _a Includes bibliographical references and index
505 _a21st-Century supply chains -- Logistics -- Customer relationship management -- Procurement -- Manufacturing -- Integrated operations planning -- Inventory -- Transportation -- Warehousing -- Packaging and handling -- Global supply chains -- Network design -- Operations analysis -- Collaboration -- Performance measurement -- Risk and sustainability -- Epilogue
650 _aBusiness logistics
700 _aBowersox, Donald J
700 _aCloss, David J.
700 _aCooper, M. Bixby
700 _aBowersox, John C.
942 _cBK
_2lcc
999 _c44436
_d44436